| 000 | 01300cam a22002054a 4500 | ||
|---|---|---|---|
| 005 | 20250605164051.0 | ||
| 008 | 250528s ||||||||||||||||||||||||d | ||
| 035 | _a17298 | ||
| 020 | _a415139392 | ||
| 040 |
_aGR-AtMCL _bgre _dGR-AtMCL _eAACR2 |
||
| 245 | 1 | _aTourism in Developing Countries | |
| 260 |
_bInternational Thomson Business Press, _c1997 |
||
| 300 | _a178 | ||
| 520 | _aAn excellent overview of the size and scope of tourism in, to and from these countries. Acknowledgements, Introduction, Development and Developing Countries, Tourism Development - A Historical Brief, Research on Tourism in Developing Countries, Tourism and Development, Reasons for Involvement in Tourism, Government and Tourism, International Influence: Tour Operators and Wholesalers, International Influence: Boycotts and Embargoes, National Tourism Development, Models to Explain Tourism Development, Measures of National Tourism Development, Concentration or Dispersal?, Tourism Destination Development, Hill Resorts, Seaside Resort Development, Urban Tourism Development, The Informal and Formal Sectors in Tourism Resorts, Destination Evaluation, Trip Index, Summary. | ||
| 700 | 1 |
_aChon Kye-Sung _93454 |
|
| 700 | 1 |
_aOppermann Martin _93455 |
|
| 942 | _cBK | ||
| 999 |
_c2726 _d2726 |
||